000 00301 a2200133 4500
005 20250626171021.0
020 _a9780536537119
082 _a658.15 CFA
111 _aCFA
245 _aCorporate Finance
260 _aNew York,
_bPearson,
_c2009.
300 _axi, 284p.; figure
_c25cm
942 _2ddc
_cBKS
999 _c5463
_d5463